| 000 | 00508nam a2200181Ia 4500 | ||
|---|---|---|---|
| 005 | 20250326142108.0 | ||
| 008 | 250326s9999 xx 000 0 und d | ||
| 037 | _aTextbook | ||
| 040 |
_aFMSL _beng _cFMSL |
||
| 041 |
_aeng _2eng |
||
| 084 |
_aXobW M5 _qFMSL |
||
| 100 |
_aBrenna G _9745571 |
||
| 245 | 0 |
_aReason of rules : Constitutional political economy _cBrenna G; Bucha J M |
|
| 260 |
_aNY _bNY, Cambridge _c1985 |
||
| 300 | _a167p | ||
| 942 |
_cTB _hXobW M5 |
||
| 999 |
_c1293416 _d1293416 |
||